LEADER 01050nam a2200229 i 4500 001 000000143829 003 CaOOAMICUS 005 20051012000000.0 008 051012s1932 it u000 u ita u 013 $a119187 040 $aSeMil$bita 100 1 $aSevesi, Paolo Maria,$c.$0(OLS)http://semarc/name/10050 245 10$aSanta Maria della Misericordia in Melegnano /$cPaolo Maria Sevesi dei Frati Minori. 260 $a[S.l. :$bs.n.],$c1932$e(Melegnano :$fTipografia Codeleoncini,$g1932) 300 $a130 p. :$bill. ;$c25 cm. 500 $aIn appendice : Superiori del Convento dal 1775 al 1810, Religiosi oriundi da Melegnano secondo il Necrologium (sec. 16.). 650 4$aMelegnano.$0(OLS)http://semarc/subject/7691 850 $aSeMil 852 $aSeMil$W1$xVenegono$y1$m598 644 *$j96870$B96870$CSeMilBibl$Z2$F104260 $81 961 $aRecupero: Biblioteca Seminario Saronno 996 $6245$aSanta Maria della Misericordia in Melegnano$9(OLS)http://semarc/title/210461 996 $6260$a[S.l. :$bs.n.]$9(OLS)http://semarc/publisher/29751 LEADER 01065nam a2200217 i 4500 001 000000200942 003 CaOOAMICUS 005 20110415000000.0 008 110415s1924 it u000 u fre u 013 $a179643 040 $aSeMil$bita 100 1 $aLegros, Georges Victor.$0(OLS)http://semarc/name/72549 245 13$aLa vie de J.-H. Fabre naturaliste suivie du répertoire général analytique des souvenirs entomologiques /$cG. V. Legros ; préface de J. H. Fabre. 260 $aParis :$bDelagrave,$c1924. 300 $aXV, 437 p. :$bill., [16] p. di tav. ;$c26 cm. 600 14$aFabre, Jean-Henri <1823-1915>.$0(OLS)http://semarc/subject/37680 700 1 $aFabre, Jean-Henri,$d<1823-1915>.$0(OLS)http://semarc/name/10940 850 $aSeMil 852 $aSeMil$W1$xVenegono$y1$m3XI III 29$j151471$B151471$CSeMilBibl$Z2$F162691 $81 996 $6245$aLa vie de J.-H. Fabre naturaliste suivie du répertoire général analytique des souvenirs entomologiques$9(OLS)http://semarc/title/290701 996 $6260$aParis :$bDelagrave$9(OLS)http://semarc/publisher/36235